MDQL
is popping MORE tags! Check the
thread
!
Quizzes
Events
Quiz Creation
Community
Videos
Private Events
Remove Ads
Sign In
Join for FREE
Feedback
Dark Mode
Quiz Categories
Sports
Geography
Music
Movies
Television
Just For Fun
Miscellaneous
History
Literature
Language
Science
Gaming
Entertainment
Religion
Holiday
For Kids
Quiz Lab
Recent
Popular Today
Quiz Kudos Today
Editor Picks
Curator Picks
Quizzes by...
Day
Popularity
Type
Ratings
Length
Year
Community
Subscriptions
Recent Discussions
Orange Saloon
Badges
Playlists
Quests
Create
Leaderboards
Showdown
Live 5
Trivia Bingo
Activity
Puzzle Library
Sporcle Events
Private Events
Virtual Trivia
Globe League
Become a Host
Pub Owners
SporcleCon
Opinionation
Our Games
Videos
Blog
Mobile Apps
Partnerships
Remove Ads and Go Orange
Feedback
Television
TV Characters
TV Show
Sitcom
Network
Friends
Reality Shows
Cast
South Park
Star Trek
The Simpsons
Doctor Who
Television
TV Characters
TV Show
Sitcom
Network
Friends
Reality Shows
Cast
South Park
Star Trek
The Simpsons
Doctor Who
Random Quiz
Search Sporcle
×
Curator Pick
Curator Pick
Television
Quote
Select answers by clicking on text or image buttons
Select answers by clicking on text or image buttons
Clickable
Best Score? Go Orange.
Follow That Line: Blackadder Stats
Can you pick the line that follows the given quote from Blackadder?
By
blues95
12m
30 Questions
5,491 Plays
5,491 Plays
5,491 Plays
Comments
Comments
Give Quiz Kudos
Give Quiz Kudos
-
- Ratings
hide this ad
Forced Order
Answers have to be entered in order
Answers have to be entered in order
Random Order
Randomize order of answers
Randomize order of answers
Replay
Link that replays current quiz
Next Quiz
Link to next quiz in quiz playlist
You Got
0%
They Got
Avg Score
86%
Avg Friend Score
Upgrade to see
Score Distribution
Jump to the score distribution portion of the page
Score
0/30
Timer
12:00
0
Plays Today
% Correct
...cutting off her head.
95.8%
Kate.
95.8%
...Sticky the Stick insect got caught on a sticky bun.
95.7%
Normal procedure, Lieutenant, is to jump 200 feet in the air and scatter oneself over a wide area.
95.6%
...Judas Iscariot won the AD31 Best Disciple Competition.
95.2%
...you could stick a tail on it and call it a weasel!
94.9%
...I'm sick of sitting around the house, let's catch a show.
94.6%
That's your nose, Baldrick.
94.5%
I dunno, but I can't imagine it was worse than what they used to do to each other.
91.2%
Yeah, it's like goldy and bronzy, only it's made of iron.
89.7%
So has syphilis, now get out.
88.7%
The one you had murdered, My Lord?
88%
You shot him.
87.4%
Who didn't? I certainly killed mine.
86.8%
Ah, yes. A maternally crazed gorilla would come in handy at this very moment.
86.4%
% Correct
Well, not if we lose, Percy.
85.9%
I am therefore leaving immediately for Nepal, where I intend to live as a goat.
85.1%
I cannot conceive, sir.
85%
Funny, with a face like yours, I'd have thought you'd be used to it by now.
84.4%
...are an utter berk.
84.3%
I haven't got one there!
83.6%
Have you ever considered a career in the church?
83.4%
I thought you wouldn't notice.
83.4%
Was the man who burnt Joan of Arc simply wasting good matches?
82.7%
Tell me about it.
81.5%
Next thing you know, they'll be eating them.
79.6%
Unless there's an earwig around here you'd like to victimize.
78.1%
Two spikes would be an extravagance.
68.7%
It's spontaneous and it's called wit.
68.7%
Nah, it's a potato.
68.1%
Quiz Playlist
Details
Report
Send in Message
Add To Playlist
Clickable:
Select answers by clicking on text or image buttons
Forced Order:
Answers have to be entered in order
Random Order:
Randomize order of answers
Last Updated: May 16, 2017
Curator Pick in
Follow That Line
Quiz Scoreboard
CHALLENGE
Sign Up to Join the Scoreboard
Show All
Scores
Hide
Comments
May contain spoilers
Recently Published
1-10 Letter E Words III
by El_Dandy
Language
2m
Street Fighter Characters
by Artimus82
Gaming
60s
College Basketball Coaching Resumes
by pancakes188
Sports
9m
More to Explore
Quiz From the Vault
Featured Blog Post
Where Did the Easter Bunny Come From?
hide this ad
You Might Also Like...
Tags
Clickable Quiz
Follow That Line Quiz
Quote Quiz
TV Show Quiz
Blackadder
Follow
Today's Top Quizzes in Television
Browse Television
hide this ad
Today's Top Quizzes in Quote
Browse Quote
Top Contributed Quizzes in Television
1
Survivor Journey Challenge
2
Adjectives in 80s TV Shows
3
Adjectives in 00s TV Shows
4
5-to-1: The Simpsons Families
5
5-to-1: Television Doctors
6
Adjectives in 10s TV Shows
7
7-to-1: TV Show Settings
8
Adjectives in 70s TV Shows
9
5-to-1: Streaming Originals
10
Survivor Seasons
Explore More
Trending Topics
Crossword
Disney
NBA
Harry Potter
Anime
Marvel
Kpop
Country
Soccer
NFL
Puzzle
Song
The Office
WWE
Pokémon
hide this ad
More By:
blues95
Quiz
Plays
Rating
Category
Featured
Created
Follow That Line: Blackadder
5,491
4.55
Television
Oct 4, 2012
Take my wife - please!
3,582
4.56
Just For Fun
Mar 6, 2014
Follow That Line: Red Dwarf
3,507
4.88
Television
Aug 17, 2012
Clickable Evil Overlord Rules
959
4.67
Just For Fun
May 2, 2013
Guess the lyrics to this Dead Kennedys song
271
3.60
Music
Sep 22, 2011
Go to Creator's Profile
Score Distribution
Quiz Creator Spotlight
blues95
Follow
Send a Message
Quizzes Created
-
Created Quiz Play Count
-
More By This Creator
Popular Quizzes Today
1
Find the US States - No Outlines Minefield
2
Find the Countries of Europe - No Outlines Minefield
3
The Countries of the World
4
Find the US States
5
Risky Map Clicking: Biggest States A-Z
6
US States
7
Popular People in 1961
8
Movies - When Are They Set?
More Television Quizzes
Get the Picture: Rod Serling or Ray Bradbury?
Editor's Pick
Trending Quizzes
Risky Map Clicking: Least Populous States A-Z
1-10 Letter G Words
1-10 Letter F Words
Countries of the World: 200 Million BC
Risky Map Clicking: Next State Alphabetically
Recently Updated
Beyoncé Albums
pecheneg
Leaping Animals
pecheneg
Reality TV Shows (A-Z)
bhenderson79
Rickey Henderson's Hall of Fame Teammates
pecheneg
Champions League XIs: Arsenal
pecheneg
Quick Pick: Celebrities in WWE's Hall of Fame
aduchscher
A-Z Keypad Blitz II
pecheneg
Multiple Oscar Actors
pecheneg
Mystery Phrase Blitz: Oscar 'Best Actors'
pecheneg
F. Scott Fitzgerald Novels
LTH
Trending Topics
Crossword
Marvel
Harry Potter
Anime
Disney
Kpop
NBA
Pokémon
Song
NFL
Puzzle
Country
Soccer
The Office
WWE
Your Account Isn't Verified!
In order to create a playlist on Sporcle, you need to verify the email address you used during registration. Go to your
Sporcle Settings
to finish the process.
Report this User
Report this user for behavior that violates our
Community Guidelines
.
Details:
Send Report
Go to the Sporcle.com Mobile Site →
Comments